01534nab a22002537a 4500999001500000003000400015005001700019008004100036040000700077100003600084245015400120260004200274300001200316500003700328505052000365505008900885650002600974650003101000650004501031650003001076650004001106773012101146942001301267 c6554d6554OSt20260224093109.0190506c xxu||||| |||| 00| 0 spa d cPJ 97138aPeralta, Daniela Elizabet10aAceptación del monto indemnizatorio ofrecido por la SRT. Reclamo ante la justicia por diferencias en la liquidación / cDaniela Elizabet Peralta. aBuenos Aires :bAbeledoPerrot,c2024. ap. 7-13 aCita: TR LALEY AR/DOC/1503/2024. aSumario: I. Introducción.— II. Nulidad del acuerdo homologado en sede administrativa por diferencias en liquidación. ¿Es posible?— III. Principio de gratuidad.— IV. Irrenunciabilidad de los derechos.— V. Carácter alimentario de la indemnización por incapacidad laboral. El trabajador como "sujeto de preferente tutela".— VI. Actualización monetaria.— VII. Irrenunciabilidad de los derechos.— VIII. Liquidación conforme ley 24.557, arts. 11 y 12 - trabajador eventual.— IX. Conclusión. t¿Te interesa el texto completo? Comunicate al correo: koha@justierradelfuego.gov.ar 091316aDERECHO LABORAL 094942aCOMISIONES MÉDICAS 095144aASEGURADOR POR RIESGOS DEL TRABAJO 091406aINCAPACIDAD LABORAL 091482aLEY SOBRE RIESGOS DEL TRABAJO0 0275193202dBuenos Aires : AbeledoPerrot, 2013-tRevista de derecho laboral y seguridad social. Nº 14 - Julio 2024 2udccANA